| 000 | 00705nam a2200265Ia 4500 | ||
|---|---|---|---|
| 001 | 8452 | ||
| 005 | 20240113234111.0 | ||
| 007 | ta | ||
| 008 | 050719s1991 a g b000 u eng u | ||
| 020 | _cHB | ||
| 040 | _aCotton College,Assam | ||
| 041 | _aeng | ||
| 082 |
_a954 _bNa 164 Cu |
||
| 100 | _aNaravane, V.S. . | ||
| 245 | 0 |
_aA Cultural History of Modern India / _cV.S. Naravane. _hTextual Documents |
|
| 250 | _a1st ed. / | ||
| 260 |
_aNew Delhi : _bNorthern Book Centre , _c1991. |
||
| 300 |
_axiii, 311p. : _bill. ; _c22cm . |
||
| 504 | _aIndex | ||
| 653 | _aHistory, India | ||
| 653 | _aCultural History, India | ||
| 942 |
_2ddc _cBK |
||
| 999 |
_c8439 _d8439 |
||